Casas para Chile: plan Frei

Uloženo v:
Podrobná bibliografie
Hlavní autor: Sáez S., Raúl (Autor)
Médium: Kniha
Jazyk:španělština
Vydáno: Santiago Del Pacífico 1959
Témata:
Tagy: Přidat tag
Žádné tagy, Buďte první, kdo vytvoří štítek k tomuto záznamu!

MARC

LEADER 00000nam a2200000 a 4500
001 UCT8679
003 CL-VaPUC
008 970326e19590000CL |||||||||||||||||spa|d
082 0 4 |a 363.5  |b SAE  |2 21 
100 0 |a Sáez S., Raúl  |e author  |9 380585 
245 1 0 |a Casas para Chile: plan Frei 
300 |a 91 p 
942 |c BK 
945 |d 19970326 00:00:00  |a paguirre 
260 |a Santiago  |b Del Pacífico  |c 1959 
600 0 |a Frei Montalva, Eduardo  |9 255811 
650 0 |a Vivienda  |9 258662 
650 0 |a Problemas de vivienda  |9 359721 
650 0 |a Planificación urbana   |9 258176 
650 7 |a NECESIDADES CRITICAS  |2 CL-VaPUC  |9 359160 
650 0 |a Política social  |9 257588 
651 7 |a CHILE  |2 CL-VaPUC  |9 380586 
583 |a last modification  |c 19970326 00:00:00  |k Rodrigo Vera 
999 |c 257165  |d 257163 
952 |0 0  |1 0  |4 0  |6 363_500000000000000_SAE_1959  |7 0  |8 A  |9 280428  |a BIBDER  |b BIBDER  |d 2019-11-19  |i 1815334  |o 363.5 SAE 1959  |p 1815334  |r 2023-01-25  |w 2019-11-19  |y BK  |k DER